Alternatívne koncepcie vyučovania a ich prínos pre tradičnú školu, výchovu a vzdelávanie

Podrobná bibliografia
Hlavný autor: Kosová, Beata, 1957- (Autor)
Médium: Článok
Jazyk:slovenčina
Predmet:

MARC

LEADER 00000nab a2200000 a 4500
001 vtls001503551
003 SK-MaSNL
005 20260304234230.0
008 250505s1997 xo 000 0 slo
015 |a SNBRB 
035 |a SPKCL5878 
035 |a urn:nbn:sk:snk-ab9txs 
035 |a (urnnbn)urn:nbn:sk:snk:ar-a08uvz 
035 |a (uuid)0d825c0b-4ab1-4a97-9191-684903ae3d1a 
040 |a SNKBUCL  |b slo  |c SNKBUCL  |e AACR2 
041 0 |a slo 
044 |a xo  |c SK 
080 |a 371.39:371.48  |2 1981 
100 1 |a Kosová, Beata,  |d 1957-  |4 aut  |9 104235 
245 1 0 |a Alternatívne koncepcie vyučovania a ich prínos pre tradičnú školu, výchovu a vzdelávanie  |c Beata Kosová 
650 0 7 |a alternatívne školy  |2 SNKPH  |9 68008 
650 0 7 |a tradičná koncepcia  |2 SNKPH  |9 1570683 
650 0 7 |a alternatívna koncepcia  |2 SNKPH  |9 1570684 
773 0 |t Technológia vzdelávania  |g Roč. 5, č. 10 (1997), s. 2-5 
850 |a Slovenská národná knižnica 
852 |a Slovenská národná knižnica 
954 |a odborná, vedecká literatúra pôvodná (slovenská)  |2 lita 
958 |a article13 
958 |a OND 
958 |a EUIPO 
999 |c 3202813  |d 3204743